<?xml version="1.0" encoding="UTF-8"?><?xml-stylesheet type="text/xsl" href="static/style.xsl"?><OAI-PMH xmlns="http://www.openarchives.org/OAI/2.0/" xmlns:xsi="http://www.w3.org/2001/XMLSchema-instance" xsi:schemaLocation="http://www.openarchives.org/OAI/2.0/ http://www.openarchives.org/OAI/2.0/OAI-PMH.xsd"><responseDate>2026-04-17T01:59:29Z</responseDate><request verb="GetRecord" identifier="oai:www.recercat.cat:10256/13460" metadataPrefix="marc">https://recercat.cat/oai/request</request><GetRecord><record><header><identifier>oai:recercat.cat:10256/13460</identifier><datestamp>2024-05-22T11:12:14Z</datestamp><setSpec>com_2072_452966</setSpec><setSpec>com_2072_2054</setSpec><setSpec>col_2072_452968</setSpec></header><metadata><record xmlns="http://www.loc.gov/MARC21/slim" xmlns:dcterms="http://purl.org/dc/terms/" xmlns:xsi="http://www.w3.org/2001/XMLSchema-instance" xmlns:doc="http://www.lyncode.com/xoai" xsi:schemaLocation="http://www.loc.gov/MARC21/slim http://www.loc.gov/standards/marcxml/schema/MARC21slim.xsd">
   <leader>00925njm 22002777a 4500</leader>
   <datafield ind2=" " ind1=" " tag="042">
      <subfield code="a">dc</subfield>
   </datafield>
   <datafield ind2=" " ind1=" " tag="720">
      <subfield code="a">Anglada Sèculi, Martí</subfield>
      <subfield code="e">author</subfield>
   </datafield>
   <datafield ind2=" " ind1=" " tag="260">
      <subfield code="c">2016-02</subfield>
   </datafield>
   <datafield ind2=" " ind1=" " tag="520">
      <subfield code="a">L’empresa Decam Llits Abatibles SL va desenvolupar una cadira-llitera per una empresa estrangera. Però al iniciar la comercialització va haver de aturar la producció, degut a una sèrie d’incidències i perquè no acabava de complir els requisits que s’havien establert.&#xd;
&#xd;
 L’objectiu d’aquest treball és analitzar els 4 mecanismes de la cadira-llitera, respatller, tisora, incorporació i reposapeus, i assegurar-nos que compleixen els requeriments. Ens centrarem principalment en aconseguir que els pistons ja instal·lats de 6000N tinguin suficient força per moure els mecanismes des de qualsevol posició. En cas que no ho compleixin els haurem de modificar per així poder passar els controls de qualitat. A més proposarem possible millores per la cadira perquè es valorin i s’afegeixin al disseny si es creu convenient</subfield>
   </datafield>
   <datafield ind1="8" ind2=" " tag="024">
      <subfield code="a">http://hdl.handle.net/10256/13460</subfield>
   </datafield>
   <datafield tag="653" ind2=" " ind1=" ">
      <subfield code="a">Transport de malalts i ferits -- Aparells i accessoris -- Disseny i construcció</subfield>
   </datafield>
   <datafield tag="653" ind2=" " ind1=" ">
      <subfield code="a">Transport of sick and wounded -- Equipment and suplies -- Design and construction</subfield>
   </datafield>
   <datafield ind2="0" ind1="0" tag="245">
      <subfield code="a">Estudi i re-disseny d’una cadira-llitera d’ús hospitalari</subfield>
   </datafield>
</record></metadata></record></GetRecord></OAI-PMH>